Kobiety czy mężczyźni? - Statystyki

Ogólne statystyki
  • Ten quiz został rozwiązany 192 razy
  • Średni wynik to 12 z 15
Statystyki odpowiedzi
Zagadnienie Odpowiedź % Poprawnych
Kto żyje średnio dłużej? Kobiety
98%
Kto częściej pełni funkcje opiekuńcze, np. w roli rodzica wychowującego dziecko? Kobiety
97%
Kto częściej ryzykuje w sytuacjach codziennych? Mężczyźni
97%
Kto częściej pracuje w zawodach związanych z edukacją i opieką zdrowotną? Kobiety
96%
Kto statystycznie częściej nadużywa alkoholu? Mężczyźni
96%
Kto częściej cierpi na zaburzenia odżywiania, takie jak anoreksja czy bulimia? Kobiety
93%
Kto częściej jest liderem na najwyższych szczeblach w korporacjach? Mężczyźni
92%
Kto częściej wygrywa Nagrodę Nobla? Mężczyźni
92%
Kto częściej korzysta z mediów społecznościowych? Kobiety
89%
Kto częściej popełnia samobójstwo? Mężczyźni
84%
Kto częściej kończy studia wyższe? Kobiety
70%
Kto statystycznie częściej popełnia wypadki samochodowe? Mężczyźni
69%
Kto częściej traci klucze lub inne przedmioty codziennego użytku? Kobiety
48%
Kto częściej choruje na depresję? Kobiety
45%
Kto częściej śmieje się z żartów? Kobiety
26%
Nie znaleziono quizów pasujących do podanych kryteriów
Rozkład punktacji
Procent ludzi z każdym wynikiem
Percentyl według liczby udzielonych odpowiedzi
Twoja historia wyników
Nie rozwiązałeś tego quizu